000 00705cam a2200145 4500500
005 20260426010550.0
041 _afre
042 _adc
100 1 0 _aHüllstrung, Wolfgang
_eauthor
245 0 0 _aClaudia Sticher, Die Rettung der Guten durch Gott und die Selbstzerstörung der Bösen. Ein theologisches Denkmuster im Psalter, Berlin, Philo, coll. « Bonner Biblische Beiträge 137 », 2002. 25 cm. 379 p. ISBN 3-8257-0289-8. € 56
260 _c2005.
500 _a3
786 0 _nÉtudes théologiques et religieuses | 80 | 3 | 2005-09-01 | p. 431d-435d | 0014-2239
856 4 1 _uhttps://shs.cairn.info/revue-etudes-theologiques-et-religieuses-2005-3-page-431d?lang=fr&redirect-ssocas=7080
999 _c2222528
_d2222528